Manual económico jurídico de la empresa y de las inversiones extranjeras (Registro nro. 3436)
[ vista simple ]
| 000 -LEADER | |
|---|---|
| fixed length control field | 01487 a2200229 4500 |
| 001 - CONTROL NUMBER | |
| control field | 41223 |
| 005 - DATE AND TIME OF LATEST TRANSACTION | |
| control field | 20260407155706.0 |
| 008 - FIXED-LENGTH DATA ELEMENTS--GENERAL INFORMATION | |
| fixed length control field | 260407a2003 arg spa d |
| 003 - CONTROL NUMBER IDENTIFIER | |
| control field | AR-UNSa-BCEJYS |
| 040 ## - CATALOGING SOURCE | |
| Original cataloging agency | AR-UNSa-BCEJYS |
| Language of cataloging | spa |
| Transcribing agency | AR-UNSa-BCEJYS |
| 080 ## - UNIVERSAL DECIMAL CLASSIFICATION NUMBER | |
| Universal Decimal Classification number | 347.7 |
| Common auxiliary subdivision | Derecho Mercantil. Derecho Comercial |
| 020 ## - INTERNATIONAL STANDARD BOOK NUMBER | |
| International Standard Book Number | 950-894-379-3 |
| 041 ## - LANGUAGE CODE | |
| Language code of text/sound track or separate title | spa |
| 100 1# - MAIN ENTRY--PERSONAL NAME | |
| Personal name | Vítolo, Daniel Roque |
| 245 10 - TITLE STATEMENT | |
| Title | Manual económico jurídico de la empresa y de las inversiones extranjeras |
| 264 #1 - PRODUCTION, PUBLICATION, DISTRIBUTION, MANUFACTURE, AND COPYRIGHT NOTICE | |
| Place of production, publication, distribution, manufacture | Buenos Aires : |
| Name of producer, publisher, distributor, manufacturer | AD-HOC |
| Date of production, publication, distribution, manufacture, or copyright notice | 2003 |
| 300 ## - PHYSICAL DESCRIPTION | |
| Extent | 432 p. |
| Dimensions | 23 cm. |
| 505 ## - FORMATTED CONTENTS NOTE | |
| Formatted contents note | PRIMERA PARTE: La empresa y el régimen de inversiones extranjeras en la Argentina - 1. Panorama general económico y financiero - 2. Régimen general de inversiones extranjeras - 3. Aspectos de la regulación del régimen societario en la República Argentina - 4. Aspectos tributarios y de control - 5. Documentación y contabilidad - 6. El régimen de las relaciones laborales en la República Argentina - 7. Procedimientos empresarios de crisis y las inversiones extranjeras - 8. Aspectos económicos y financieros - 9. La intervención del Estado en las relaciones entre particulares y el "derecho de la emergencia" -- SEGUNDA PARTE: El régimen de defensa de la competencia en la Argentina: 10. Régimen general de defensa de la competencia - |
| 590 ## - LOCAL NOTE (RLIN) | |
| Local note | niveau_biblio:m niveau_hierar:0 |
| 856 41 - ELECTRONIC LOCATION AND ACCESS | |
| Uniform Resource Identifier | <a href="https://biblioeco.unsa.edu.ar/pmb/images/libros/L126468.jpg">https://biblioeco.unsa.edu.ar/pmb/images/libros/L126468.jpg</a> |
| Link text | Imagen de portada |
| Electronic format type | image/jpeg |
| 942 ## - ADDED ENTRY ELEMENTS (KOHA) | |
| Koha item type | |
| Withdrawn status | Lost status | Damaged status | Not for loan | Home library | Current library | Shelving location | Date acquired | Total checkouts | Full call number | Barcode | Date last seen | Price effective from | Koha item type |
|---|---|---|---|---|---|---|---|---|---|---|---|---|---|
| Biblioteca Prof. Eusebio Cleto del Rey | Biblioteca Prof. Eusebio Cleto del Rey | 07/04/2026 | 347.7 V845m | L126468 | 07/04/2026 | 07/04/2026 | Libro |